Регионална библиотека "Любен Каравелов" - Русе

За образованието. (Запис номер 390900)

MARC детайли
000 -Лидер
Контролно поле с фиксирана дължина nam a22 a 4500
003 - Код на организацията, давaща контролен номер
Контролно поле BLK
005 - Дата и час на последна редакция
Контролно поле 20211105151527.0
008 - Елементи от данни с фиксирана дължина
fixed length control field 201030b bu |||||r|||| 00| | bu d
020 ## - Международен стандартен номер на книга ISBN
Международен стандартен номер на книга ISBN 978-619-7350-82-1
040 ## - Източник на каталожния запис
Идентификатор на билиотеката - собственик на записа BLK
041 ## - Код за език
Код за езика на текст/звукозапис или на отделно заглавие Български
Код за езика КДБФ Български
080 ## - УДК
Текстов определител УДК Образователна политика. Образование и общественост
УДК код - определител по УДК 37.014
УДК - код + определител 37.014
080 ## - УДК
Текстов определител УДК Свобода на печата. Цензура. Вж и 351.75
УДК код - определител по УДК 070.13
УДК - код + определител 070.13
100 ## - Редна дума - Автор
R(LIN) 300318
Автор Милтън, Джон
Авторска отговорност първи автор
139 ## - Редно поле
Редна дума Милтън, Джон
Авторски знак Мило - М 61
245 ## - Сведения за заглавието
Заглавие За образованието.
Подзаглавни данни Ареопагитика
Редно поле (дума) Джон Милтън ; прев. от англ., следг. Мартин Осиковски
260 ## - Област на издателските данни
9 (RLIN) 216827
Място на издаване, разпространение и проч. София
Име на издателя, разпространителя и проч. Лист
Година на издаване 2020
Издателство - префикс ISBN 978-619-7350-
300 ## - Физическа характеристика
Размери/Мащаб 24 см
Страници 166 с.
380 ## - Жанр
Жанр Обществени науки
500 ## - Общи забележки
Забележка Ориг. загл.: Of education. Areopagitica / John Milton<br/>От преводача / М. О.: с. 5. - Библиогр.: с. 151-163.
504 ## - Забележка за наличие на библиография и др
Забележка за наличие на библиография и под. с. 151-163
650 #0 - Допълнително описание по предмет – тема
9 (RLIN) 252113
Основно описание – тема или топоним Образование и просвета
650 #7 - Допълнително описание по предмет – тема
9 (RLIN) 170382
Основно описание – тема или топоним Свобода на словото
700 ## - Други автори (авторска отговорност)
9 (RLIN) 382530
Лично име Осиковски, Мартин Николаев
Автороска отговорност (Описва отношението между автора и произведението) прев.от англ.
852 ## - Местоположение
Форматна сигнатура Цб 304538
Фондова буква Хранилище
999 ## - СИСТЕМНИ КОНТРОЛНИ НОМЕРА
Koha biblionumber 390900
Koha biblioitemnumber 390900
942 ## - АРТИКУЛИ
Вид на библиотечния материал Книги
Скрит в OPAC Не
Периодичен библиозапис Да
944 ## - СЪЗДАВАНЕ И РЕДАКЦИЯ на ЗАПИСА
Създаване/Редакция Създаване
Дата на регистрацията/редакция 2020-10-30
Служител, извършил регистрацията/редакцията Д.Д
944 ## - СЪЗДАВАНЕ И РЕДАКЦИЯ на ЗАПИСА
Създаване/Редакция Редакция
Дата на регистрацията/редакция 2020-11-21
Служител, извършил регистрацията/редакцията К.Д.
999 ## - СИСТЕМНИ КОНТРОЛНИ НОМЕРА
Koha biblioitemnumber 390900
999 ## - СИСТЕМНИ КОНТРОЛНИ НОМЕРА
Koha biblioitemnumber 390900
Наличности
Код за отписване Код за изгубен артикул Източник на класификационната схема Код за повреда Коз за рестрикции Код за отдаване Артикулен № Име на библиотеката - собственик Име на библиотеката, в която се намира в момента Статус (Текущо местоположение) Дата на вписване в системата Местоположение - отдел Цена в лева Систематично азбучна сигнатура Баркод Цена в евро Служебен тип на артикула
  Не е изгубен Universal Decimal Classification Не е повреден само за читалня ползва се в читалня 805330 Регионална библиотека "Любен Каравелов" Русе Регионална библиотека "Любен Каравелов" Русе Хранилище 2020-11-18 Хранилище 18.00 Цб 304538 120000849952 9.20 Книги
  Не е изгубен Universal Decimal Classification Не е повреден без рестрикции заемане за дома 860787 Регионална библиотека "Любен Каравелов" Русе Регионална библиотека "Любен Каравелов" Русе Заемна - подръчен фонд 2021-11-08 Заемна - подръчен фонд 12.60 37.01/М 61 Д 120000862116 6.44 Книги
Vip Innovations Ltd, Rousse, Bulgaria 2025